01860nam a2200169 a 4500020002700000020003000027082001200057100002100069245005100090250001200141260004700153300001300200490002000213520136000233650002701593856007001620 a0854046399 (paperback) a9780854046393 (paperback) a666 SHE1 aShelby, James E.10aIntroduction to glass science and technology : a2nd ed. aLondonbRoyal Society of Chemistry,c2005. a308 p. ;1 aRsc paperbacks. aThis book provides a concise and inexpensive introduction for an undergraduate course in glass science and technology. The level of the book has deliberately been maintained at the introductory level to avoid confusion of the student by inclusion of more advanced material, and is unique in that its text is limited to the amount suitable for a one term course for students in materials science, ceramics or inorganic chemistry. The contents cover the fundamental topics of importance in glass science and technology, including glass formation, crystallization, phase separation and structure of glasses. Additional chapters discuss the most important properties of glasses, including discussion of physical, optical, electrical, chemical and mechanical properties. A final chapter provides an introduction to a number of methods used to form technical glasses, including glass sheet, bottles, insulation fibre, optical fibres and other common commercial products. In addition, the book contains discussion of the effects of phase separation and crystallization on the properties of glasses, which is neglected in other texts. Although intended primarily as a textbook, Introduction to Glass Science and Technology will also be invaluable to the engineer or scientist who desires more knowledge regarding the formation, properties and production of glass. aglass science,ceramics40uhttp://www.amazon.com/exec/obidos/ASIN/0854046399/chopaconline-20